Dolphins

Bibliographic Details
Main Author: Bailey, Donna
Format: Book
Published: Oxford : Heinemann , 1991
Series:My world
Subjects:

MARC

LEADER 00000cam a2200000 7i4500
001 0000002582
002 000002809
005 20060128.0
020 |a 0431003335 
090 0 0 |a 030   |b BAI 
100 1 |a Bailey, Donna 
245 1 0 |a Dolphins   |c Donna Bailey 
260 |a Oxford :   |b Heinemann ,   |c 1991 
300 |a 32p. :   |b ill. ;   |c 21cm. 
490 0 |a My world 
650 0 0 |a Encyclopedias and dictionaries 
999 |a 036277   |b BUKU   |c JUNIOR BOOKS   |e PERPUSTAKAAN KOMUNITI PETALING JAYA